000 00485nam a2200181Ia 4500
003 OSt
005 20260102154321.0
008 210210b1956 xxu||||| |||| 00| 0 eng d
040 _cAL
041 _akan
082 _a859/1808
100 _aVENKATESHA VITAL
_9156521
_dವೆಂಕಟೇಶ ವಿಠಲ
245 _aKalasarvabauma:
_bಕಲಾಸಾರ್ವಬೌಮ
260 _aBengaluru
_b-
_c1956
690 _aKannada Fiction
_9156522
906 _a022528
942 _2ddc
_cBK
999 _c146940
_d146940